| 000 | 01212nam a22002537a 4500 | ||
|---|---|---|---|
| 999 |
_c973 _d973 |
||
| 003 | AR-CdUCM | ||
| 008 | 190226b ||||| |||| 00| 0 spa d | ||
| 040 |
_aMUNICIPALIDAD PROVINCIAL DEL CUSCO _cBIBLIOTECA MUNICIPAL DEL CUSCO |
||
| 082 |
_22ed. _a869.03 / _bAR78 |
||
| 100 |
_aArtigas de Sierra, Ione María (coordinación especial) _93800 |
||
| 245 | _aCuentos, mitos y leyendas para niños de América Latina / | ||
| 260 |
_aSâo Paulo : _bÁtica, _c1981. |
||
| 300 |
_a78 páginas ; _bilustraciones, _c21 cm. |
||
| 440 |
_aCoedición Latinoamericana. _nI _93801 |
||
| 500 | _aEl malvado wakón y los pequeños gemelos / recopilado oralmente por María Rostworoski en 1940 en la zona de Canta, p. 50-58. | ||
| 505 | _aContenido: El tesoro de la Merced -- La leyenda de la mandioca -- La leyenda del Dorado -- Cuando las montañas se hicieron dioses -- El malvado wakón y los pequeños gemelos -- Un vitén p´al Judas -- La leyenda del Maichak. | ||
| 650 |
_aLiteratura infantil _9588 |
||
| 650 |
_aLeyendas _92226 |
||
| 650 |
_aCuento infantil _93319 |
||
| 650 |
_aFolclore América Latina _93802 |
||
| 700 |
_aRuiz, Eduardo (ilustraciones y diagramación) _93803 |
||
| 942 |
_2ddc _cLIBROS |
||
| 945 | _azta | ||